Резонансное дифракционное излучение ультрарелятивистских частиц; Известия вузов. Физика; Т. 45, № 9

Podrobná bibliografie
Parent link:Известия вузов. Физика/ Министерство общего и профессионального образования Российской Федерации ; Томский Госуниверситет.— , 1958-
Т. 45, № 9.— 2002.— С. 65-72
Hlavní autor: Потылицын А. П. Александр Петрович
Další autoři: Стриханов М. Н.
Shrnutí:В работе рассмотрено излучение Смита-Парселла ультрарелятивистских электронов на "плоской" решетке из набора параллельных проводящих полосок. Предложенная модель, рассматривающая эффект Смита-Парселла (СПЭ) как резонансное дифракционное излучение, позволяет вычислять характеристики СПЭ для малых углов вылета фотонов, где традиционные подходы неприменимы из-за возникающих вычислительных трудностей. Предложен новый тип оптической решетки, простой и дешевой при технологической реализации, состоящей из параллельных алюминиевых полосок (стрипов), напыленных на кварцевую подложку, толщина которой выбирается по критерию минимума отраженной интенсивности оптического излучения с длиной волны, соответствующей СПЭ.
Jazyk:ruština
Vydáno: 2002
Témata:
Médium: MixedMaterials Kapitola
KOHA link:https://koha.lib.tpu.ru/cgi-bin/koha/opac-detail.pl?biblionumber=424737

MARC

LEADER 00000naa2a2200000 4500
001 424737
005 20240209111414.0
035 |a (RuTPU)RU\TPU\prd\83228 
035 |a RU\TPU\prd\83227 
090 |a 424737 
100 |a 20100607a2002 k y0rusy50 ca 
101 0 |a rus 
102 |a RU 
200 1 |a Резонансное дифракционное излучение ультрарелятивистских частиц  |f А. П. Потылицын, М. Н. Стриханов 
320 |a Библиогр.: 29 назв. 
330 |a В работе рассмотрено излучение Смита-Парселла ультрарелятивистских электронов на "плоской" решетке из набора параллельных проводящих полосок. Предложенная модель, рассматривающая эффект Смита-Парселла (СПЭ) как резонансное дифракционное излучение, позволяет вычислять характеристики СПЭ для малых углов вылета фотонов, где традиционные подходы неприменимы из-за возникающих вычислительных трудностей. Предложен новый тип оптической решетки, простой и дешевой при технологической реализации, состоящей из параллельных алюминиевых полосок (стрипов), напыленных на кварцевую подложку, толщина которой выбирается по критерию минимума отраженной интенсивности оптического излучения с длиной волны, соответствующей СПЭ. 
461 0 |0 (RuTPU)RU\TPU\prd\191  |t Известия вузов. Физика  |f Министерство общего и профессионального образования Российской Федерации ; Томский Госуниверситет  |d 1958- 
463 0 |0 (RuTPU)RU\TPU\prd\77228  |t Т. 45, № 9  |v С. 65-72  |d 2002 
610 1 |a труды учёных ТПУ 
700 1 |a Потылицын  |b А. П.  |c российский физик  |c профессор Томского политехнического университета  |f 1945-  |g Александр Петрович  |3 (RuTPU)RU\TPU\pers\15853  |4 070  |9 5531 
701 1 |a Стриханов  |b М. Н.  |4 070 
801 1 |a RU  |b 63413507  |c 20100607 
801 2 |a RU  |b 63413507  |c 20110615  |g RCR 
942 |c BK